BIBLIOTECA

SENCICO

El arte en la arquitectura / (Registro nro. 2243)

Detalles MARC
000 -LEADER
fixed length control field 01097nam a2200277Ia 4500
003 - CONTROL NUMBER IDENTIFIER
control field PE SENCICO BE
005 - DATE AND TIME OF LATEST TRANSACTION
control field 20260319204202.0
008 - FIXED-LENGTH DATA ELEMENTS--GENERAL INFORMATION
fixed length control field 200515s9999 xx 000 0 und d
020 ## - INTERNATIONAL STANDARD BOOK NUMBER
International Standard Book Number 84-329-2946-8
040 ## - CATALOGING SOURCE
Original cataloging agency PE SENCICO BE
Transcribing agency PE SENCICO BE
041 ## - LANGUAGE CODE
Language code of text/sound track or separate title spa
082 ## - DEWEY DECIMAL CLASSIFICATION NUMBER
Classification number 709
Item number B69
100 1# - MAIN ENTRY--PERSONAL NAME
Personal name Boix Gene, José
9 (RLIN) 220
Relator term autor
245 10 - TITLE STATEMENT
Title El arte en la arquitectura /
Statement of responsibility, etc. José Boix Gene
250 ## - EDITION STATEMENT
Edition statement 9a ed.
260 ## - PUBLICATION, DISTRIBUTION, ETC.
Place of publication, distribution, etc. Barcelona :
Name of publisher, distributor, etc. Ediciones CEAC ;
Date of publication, distribution, etc. 1980
300 ## - PHYSICAL DESCRIPTION
Extent 192 páginas :
Other physical details ilustraciones ;
Dimensions 21 cm.
490 ## - SERIES STATEMENT
Series statement Monografías sobre construcción y arquitectura
505 0# - FORMATTED CONTENTS NOTE
Formatted contents note La prehistoria -- La antiguedad -- La edad media -- La arquitectura románica -- La arquitectura gótica -- La arquitectura del renacimiento -- La arquitectura barroca -- La edad moderna -- Gaudi y su obra -- Los Ismos -- Arquitectura religiosa actual -- Arquitectura de los últimos años
650 10 - SUBJECT ADDED ENTRY--TOPICAL TERM
Topical term or geographic name entry element Arte
9 (RLIN) 608
650 20 - SUBJECT ADDED ENTRY--TOPICAL TERM
Topical term or geographic name entry element Historia
9 (RLIN) 383
650 20 - SUBJECT ADDED ENTRY--TOPICAL TERM
Topical term or geographic name entry element Estilos arquitectónicos
9 (RLIN) 609
650 20 - SUBJECT ADDED ENTRY--TOPICAL TERM
Topical term or geographic name entry element Arquitectura
9 (RLIN) 343
650 20 - SUBJECT ADDED ENTRY--TOPICAL TERM
Topical term or geographic name entry element Arquitectura antigua
9 (RLIN) 390
942 ## - ADDED ENTRY ELEMENTS (KOHA)
Koha item type Libros
Source of classification or shelving scheme Dewey Decimal Classification
Existencias
Fecha de la última vez que lo usaron Número de ingreso o de inventario Pago total Signatura topográfica completa Código de barras Tipo de documento Estado perdido Sistema de clasificación Estado dañado No es para préstamo Retirado Ubicación permanente Ubicación actual Precio efectivo desde Fecha de adquisición
15/05/2020 1401   709/B69 BibLima26032685 Libros   Dewey Decimal Classification       Biblioteca Central Lima Biblioteca Central Lima    
19/03/2026 1403   709/B69/ej. 2 BibLima26032686 Libros   Dewey Decimal Classification       Biblioteca Central Lima Biblioteca Central Lima 19/03/2026 19/03/2026
19/03/2026     709/B69 BibZpiur26032687 Libros   Dewey Decimal Classification       Biblioteca Piura Biblioteca Piura 19/03/2026 19/03/2026